Metalmorfoza

Korporativní autor: Arakain (hudební skupina)
Jazyk: Čeština
Vydáno: Praha : Popron Music, p2003
Témata:
Fyzický popis: 1 zvuková kazeta : analog, Dolby systém + 1 leták (10 x 40 cm)
Zvukové nahrávky
Uloženo v:
LEADER 01326njm a2200325 a 4500
001 000700345
003 CZ BrMZK
005 20031217094420.0
007 ss lsnjlcmpnzu
008 031215s2003 xr rc f d cze d
028 0 1 |a 54589-4  |b Popron Music 
040 |a BOA001  |b cze 
047 |a rc 
048 |a od  |b vu 
080 |a (086.7)  |2 MRF 
080 |a 785.16  |2 MRF 
110 2 |a Arakain (hudební skupina)  |7 kn20010709235 
245 1 0 |a Metalmorfoza  |h [zvukový záznam] 
260 |a Praha :  |b Popron Music,  |c p2003 
300 |a 1 zvuková kazeta :  |b analog, Dolby systém +  |e 1 leták (10 x 40 cm) 
500 |a Texty písní na letáku 
500 |a Vydáno také na kompaktní desce s objednacím číslem 54589-2 
500 |a Nahráno únor - březen 2003, studio Moskva, Barrandov, Praha 
505 2 0 |t Ptáci z ráje --  |t Práznej kout --  |t Padej --  |t Jsou tady --  |t Aut --  |t Muzeum zla --  |t Slávou opilí --  |t Bláhová víra --  |t Mládí v hajzlu --  |t Výlet --  |t Barbaři --  |t Zpátky jít --  |t Tah jezdcem --  |t Znamení doby --  |t SpiDr.Man 
511 0 |a Arakain 
650 0 7 |a rockové písně  |7 ph224439  |y 2001-2010  |2 czenas 
655 7 |a zvukové kazety  |7 fd186720  |2 czenas 
910 |a BOA001  |b KZ-0011.340 
990 |a AV 
996 6 |b 261H012453  |c KZ-0011.340  |l MZK  |r Sklad / do 24 hodin  |n 0  |w 000700345  |u 000010  |a 1  |e BOA001  |j MZK50  |s P